000 01453nam a22003857a 4500
003 CHAP
005 20220817044426.0
008 110308s2011 mx r 00010 spa d
010 _a100603
011 _a101575
035 _a112263
040 _cCHAP
090 _aTesis
100 1 _aSandoval Parra, Abraham Misael
_9102155
245 1 0 _aDiversidad y cuantificación de áreas por trepadoras del ecosistema de manglar, en el ejido los Morillos, Nayarit
_h[En línea]
_c/por Abraham Misael Sandoval Parra
260 _aChapingo, Méx. :
_bEl autor,
_c2011
500 _aPara ver el contenido del material haga clic en la liga
502 _aTesis (Ing. Forestal) -- UACH. División de Ciencias Forestales
590 _aALEPH
_b10
_c20130110
_lUCH01
_h1539
590 _aBATCH-UPD
_b10
_c20130110
_lUCH01
_h1710
590 _aBATCH-UPD
_b10
_c20130410
_lUCH01
_h1056
590 _aBATCH-UPD
_b10
_c20130914
_lUCH01
_h1254
590 _aBATCH-UPD
_b10
_c20140324
_lUCH01
_h1523
590 _aBATCH-UPD
_b10
_c20141002
_lUCH01
_h0848
590 _aCONVERSION
_b10
_c20130109
_lUCH01
_h1355
650 1 4 _aEcosistema.
_935290
650 1 4 _aEjidos
_xNayarit.
_936022
650 1 4 _aEnredaderas.
650 1 4 _aManglares.
_970393
650 1 4 _aPlantas parásitas.
_989080
856 _3Finding aid
_uhttp://10.13.5.2/tesis/112263.pdf
_zTeclea aqui
901 _aBK
942 _cTESIS
949 _aTesis
_bBC
_cTES
_d33724002237926
_eTS1
_gDonaciØn
_h52033
_i112263
_st
999 _c100603
_d100603